Hình ảnh lớp trẻ thế hệ sau cách mạng Tháng Chạp Nga trong thơ trữ tình Lermôntốp

Salvato in:
Dettagli Bibliografici
Autore principale: Trần Thị Thuỷ.
Altri autori: Vũ Thanh Tâm (hướng dẫn.)
Natura: Libro
Lingua:Vietnamese
Pubblicazione: Đà Nẵng, 1991.
Soggetti:
Tags: Aggiungi Tag
Nessun Tag, puoi essere il primo ad aggiungerne! !
Thư viện lưu trữ: Mạng thư viện Đại học Đà Nẵng
LEADER 00956cmm a2200325 i 4500
001 000044699
003 3107
005 20040326235536.0
008 010313b1991 vm 000 vie
040 |a IRC  |c IRC  |d IRC 
041 0 |a vie 
082 1 4 |a 891.7142  |b TR-T 
100 1 |a Trần Thị Thuỷ. 
245 0 0 |a Hình ảnh lớp trẻ thế hệ sau cách mạng Tháng Chạp Nga trong thơ trữ tình Lermôntốp  |h [Thesis - Luận văn] /  |c Trần Thị Thủy thực hiện ; Vũ Thanh Tâm hướng dẫn. 
260 |a Đà Nẵng,  |c 1991. 
300 |a 47tr. ;  |c 30cm. 
630 0 4 |a Văn học Nga. 
630 0 4 |a Lermôntốp. 
650 0 4 |a Văn học Nga. 
700 1 |a Vũ Thanh Tâm,  |e hướng dẫn. 
OWN |a DUT 
999 |a From the UDN01 
TYP |a Computer file 
TYP |a Monograph 
980 |a Mạng thư viện Đại học Đà Nẵng